Score 0/25 Timer 05:00
0 Plays Today
% Correct
Goodbye
95.8%
Adiós
94.6%
Aloha
94.6%
Au revoir
92.3%
До свидания!
91.7%
안녕
90.2%
Auf Wiedersehen
89.7%
مع السلامة
87.8%
ভালো থাকবেন
86.6%
Arrivederci
84.5%
さようなら
84.4%
再見
79.5%
नमस्ते
75.9%
% Correct
Adeus
73.8%
Chào anh
73.4%
Hej då
71%
להתראות
70.5%
Vale
70.4%
ลาก่อน
64.6%
Näkemiin
51.9%
Kwaheri
50.5%
Αντίο
46.7%
Viszontlátásra
46%
Ha det bra
42%
Hoşçakal
34.2%
Remove Ads.
Support Sporcle.
Get the best of Sporcle when you Go Orange. This ad-free experience offers more features, more stats, and more fun while also helping to support Sporcle. Thank you for becoming a member.

You're not logged in!

Compare scores with friends on all Sporcle quizzes.
OR
Log In

Show Comments

Extras

Top Quizzes Today


Score Distribution

Your Account Isn't Verified!

In order to create a playlist on Sporcle, you need to verify the email address you used during registration. Go to your Sporcle Settings to finish the process.

Report this User

Report this user for behavior that violates our Community Guidelines.

Details: